Catálogo

Elección de carrera : (Registro nro. 62994)

Detalles MARC
000 -LEADER
fixed length control field 00701nam a2200217 a 4500
001 - CONTROL NUMBER
control field 62994
005 - DATE AND TIME OF LATEST TRANSACTION
control field 20180714065232.0
008 - FIXED-LENGTH DATA ELEMENTS--GENERAL INFORMATION
fixed length control field 150623s2012 mx 000 0 spa d
020 ## - INTERNATIONAL STANDARD BOOK NUMBER
International Standard Book Number 978-6107-05-0413-6
082 0# - DEWEY DECIMAL CLASSIFICATION NUMBER
Classification number 371.425
Item number OLI
100 1# - MAIN ENTRY--PERSONAL NAME
Personal name Oliver H., Rogelio
Relator term autor
245 10 - TITLE STATEMENT
Title Elección de carrera :
Remainder of title el desafío del siglo : la orientación profesional. Área sur volúmen II /
Statement of responsibility, etc. Rogelio Oliver H.
250 ## - EDITION STATEMENT
Edition statement Cuarta edición
264 #1 - PRODUCTION, PUBLICATION, DISTRIBUTION, MANUFACTURE, AND COPYRIGHT NOTICE
Place of production, publication, distribution, manufacture México :
Name of producer, publisher, distributor, manufacturer Limusa ;
Date of production, publication, distribution, manufacture, or copyright notice 2012
300 ## - PHYSICAL DESCRIPTION
Extent 607 páginas ;
Dimensions 23 cm.
336 ## - CONTENT TYPE
Content type term texto
Source rdacontent
337 ## - MEDIA TYPE
Media type term sin mediación
Source rdamedia
338 ## - CARRIER TYPE
Carrier type term volumen
Source rdacarrier
490 1# - SERIES STATEMENT
Volume/sequential designation 2
650 #4 - SUBJECT ADDED ENTRY--TOPICAL TERM
Topical term or geographic name entry element Orientación profesional
Existencias
Withdrawn status Lost status Source of classification or shelving scheme Damaged status Not for loan Collection code Home library Current library Shelving location Date acquired Source of acquisition Inventory number Total Checkouts Full call number Barcode Date last seen Date last checked out Price effective from Koha item type
    Dewey Decimal Classification     General Biblioteca Karol Wojtyla Biblioteca Karol Wojtyla Sala general 23/06/2015 Compra 151000000000000000041405 4 371.425 OLI 2012 94165 05/01/2026 25/11/2021 30/06/2015 Libro